Rozsypanka literowa - Polskie kluby piłkarskie - Statystyki

Ogólne statystyki
  • Ten quiz został rozwiązany 15 razy
  • Średni wynik to 7 z 15
Statystyki odpowiedzi
Klub piłkarski % Poprawnych
Lech Poznań
77%
ŁKS Łódź
77%
Radomiak Radom
69%
Ruch Chorzów
69%
Wisła Kraków
69%
Legia Warszawa
54%
Zawisza Bydgoszcz
46%
Arka Gdynia
38%
GKS Katowice
38%
Lechia Gdańsk
38%
Motor Lublin
38%
Miedź Legnica
31%
Stal Rzeszów
31%
Warta Poznań
23%
Kotwica Kołobrzeg
8%
Nie znaleziono quizów pasujących do podanych kryteriów
Rozkład punktacji
Procent ludzi z każdym wynikiem
Percentyl według liczby udzielonych odpowiedzi
Twoja historia wyników
Nie rozwiązałeś tego quizu